000 00465nam a2200133 4500
082 _a628.1
_bSHA
100 1 _aSharma, R.K
_946861
245 1 0 _aA Text Book of Water power engineering,
_bIncluding Dams engineering, Hydrology and Fluid Power Engineering
260 _aNew Delhi,
_bS Chand and Company,Pvt ltd.,
_c2016.
300 _ax, 480 p.
_c24 cm.
526 _a0
_b0
_c0
_d628_100000000000000_SHA
526 _a0
_b0
_c0
_d628_100000000000000_SHA
942 _2ddc
_cBK
999 _c554172
_d554172